000 00222 a2200109 4500
020 _a9780062204394
041 _aeng
100 _aRetzlaff, Mandy
245 _aOne hundred and four horses
942 _cBK
999 _c29982
_d29980
999 _d29980